=LDR 00000nam 2200000 4500 =001 INLIS000000000025896 =005 20130612124354 =008 ***********************************Ind** =035 ##$$0010-061300000025896 =041 ##$$a Ind =082 ##$$a 028.5 =090 ##$$a 028.5, Wai g =100 ##$$a Wointana, A.J =245 ##$$a Guruku adalah bapakku, A.J Wointana =260 ##$$a 1983 $b Jakarta =300 ##$$a 90 hlm, 21 cm =650 ##$$a Bacaan anak-anak =850 ##$$a NBPNMAT